| 000 | 00674nam a2200181 i 4500 | ||
|---|---|---|---|
| 001 | 26264 | ||
| 003 | ES-MaACL | ||
| 005 | 20250809023356.0 | ||
| 007 | t| | ||
| 008 | 030108s1858 sp ||||1| spa d | ||
| 100 | 1 |
_aArozarena, Cristóbal. _923176 |
|
| 245 | 1 | 0 |
_aBreves consideraciones acerca del sistema penal y de procedimientos entre los germanos _b: discurso leído por el licenciado Don Cristóbal de Arozarena en el acto de recibir la investidura de Doctor. |
| 260 |
_aMadrid : _b[s.n.], _c1858 ( _fImp. de Manuel Minuesa) |
||
| 300 |
_a14 p. ; _c26 cm. |
||
| 650 | 7 |
_aDerecho germánico _2embne _9146100 |
|
| 852 |
_aES-MaACL _jT-388-F-15 |
||
| 999 |
_c26264 _d26264 |
||